00447nam a2200145 450000500170000000800410001702000220005804000550008008000110013510000210014624500600016726000410022730000180026865000150028620251014114806.0251014b |||||||| |||| 00| 0 eng d a978-0-19-997459-7 aNational Science LibrarycNational Science Library a57bQ4 aHoffman, William aBiologist's Imagination:bInnovation in the biosciences aUSA:bOxford University Press,c2014 axviii, 284p.  aInnovation